Коррозионная стойкость сварных соединений из высоколегированной стали аустенитного класса; Инновационные технологии и экономика в машиностроении

Dades bibliogràfiques
Parent link:Инновационные технологии и экономика в машиностроении.— 2015.— [С. 60-62]
Autor principal: Кузнецов М. А. Максим Александрович
Autor corporatiu: Национальный исследовательский Томский политехнический университет (ТПУ) Юргинский технологический институт (филиал) (ЮТИ) Кафедра сварочного производства (КСП)
Altres autors: Зернин Е. А. Евгений Александрович, Карцев Д. С.
Sumari:Заглавие с титульного экрана
Idioma:rus
Publicat: 2015
Col·lecció:Инновационные технологии полученияи контроля неразъемных соединений в машиностроении
Matèries:
Accés en línia:http://earchive.tpu.ru/handle/11683/19758
http://www.lib.tpu.ru/fulltext/c/2015/C30/012.pdf
Format: MixedMaterials Electrònic Capítol de llibre
KOHA link:https://koha.lib.tpu.ru/cgi-bin/koha/opac-detail.pl?biblionumber=612828

MARC

LEADER 00000naa2a2200000 4500
001 612828
005 20240116133421.0
035 |a (RuTPU)RU\TPU\conf\10959 
035 |a RU\TPU\conf\10958 
090 |a 612828 
100 |a 20150629d2015 k y0rusy50 ca 
101 0 |a rus 
102 |a RU 
105 |a y z 101zy 
135 |a drcn ---uucaa 
181 0 |a i  
182 0 |a b 
200 1 |a Коррозионная стойкость сварных соединений из высоколегированной стали аустенитного класса  |f М. А. Кузнецов, Е. А. Зернин, Д. С. Карцев 
203 |a Текст  |c электронный 
225 1 |a Инновационные технологии полученияи контроля неразъемных соединений в машиностроении 
300 |a Заглавие с титульного экрана 
320 |a [Библиогр.: с. 62 (15 назв.)] 
337 |a Adobe Reader 
463 0 |0 (RuTPU)RU\TPU\conf\10375  |t Инновационные технологии и экономика в машиностроении  |o сборник трудов VI Международной научно-практической конференции, 21-23 мая 2015 г., Юрга  |f Национальный исследовательский Томский политехнический университет (ТПУ), Юргинский технологический институт (ЮТИ) ; под ред. Д. А. Чинахова  |v [С. 60-62]  |d 2015 
610 1 |a труды учёных ТПУ 
610 1 |a электронный ресурс 
610 1 |a коррозионная стойкость 
610 1 |a сварные соединения 
610 1 |a высоколегированные стали 
610 1 |a аустенитные классы 
610 1 |a коррозионно-стойкие стали 
700 1 |a Кузнецов  |b М. А.  |c специалист в области сварочного производства  |c доцент Юргинского технологического института (филиала) Томского политехнического университета, кандидат технических наук  |f 1985-  |g Максим Александрович  |3 (RuTPU)RU\TPU\pers\29708  |9 14202 
701 1 |a Зернин  |b Е. А.  |c специалист в области сварочного производства  |c заведующий кафедрой Юргинского технологического института (филиала) Томского политехнического университета, кандидат технических наук  |f 1977-  |g Евгений Александрович  |3 (RuTPU)RU\TPU\pers\24288  |9 10753 
701 1 |a Карцев  |b Д. С. 
712 0 2 |a Национальный исследовательский Томский политехнический университет (ТПУ)  |b Юргинский технологический институт (филиал) (ЮТИ)  |b Кафедра сварочного производства (КСП)  |3 (RuTPU)RU\TPU\col\18891 
801 2 |a RU  |b 63413507  |c 20210205  |g RCR 
856 4 |u http://earchive.tpu.ru/handle/11683/19758 
856 4 |u http://www.lib.tpu.ru/fulltext/c/2015/C30/012.pdf 
942 |c BK